00410 2200169 4500001002100000005001500021008004100036035001900077041000700096082000800103090001400111100001300125245002900138260003500167300002100202650001700223INLIS00000000001904520241224115625241224||||||||| | ||| |||| || |  0010-1224019045 aid0 a813 a813 KAR s0 aKardiman00aSEPANJANG TAMBAK BANDENG aBandungbLESTARI BANDUNGc2007 a127hlm;14,5x21cm 0acerita fiksi